City life : New York counterpoint ; Eight lines : (octet) ; Violin phase /

Bibliographic Details
Main Author: Reich, Steve, 1936-
Corporate Author: Ensemble Modern (Performer)
Other Authors: Diry, Roland (Instrumentalist), Mistry, Jagdish (Instrumentalist), Rundel, Peter (Conductor), Lubman, Brad (Conductor)
Format: CD Audio
Published: [Place of publication not identified] : BMG Classics, [2002]
Subjects:

MARC

Tag First Indicator Second Indicator Subfields
LEADER 00000cjm a2200000Ia 4500
001 in00001802607
005 20151026052445.0
007 sd fsngnnmmned
008 031118p20021997xx uun d
024 1 |a 743216645923 
028 0 2 |a 74321 66459 2  |b RCA Red Seal 
033 1 0 |a 199706--  |a 199801--  |a 200204--  |a 200205-- 
035 |a (OCoLC)ocm53859266 
040 |a PUL  |c PUL  |d OBE  |d TXA  |d UtOrBLW 
045 1 |b d1995  |b d1985  |b d1979  |b d1967 
049 |a TXAM 
090 |a M3.1.R45  |b C58 2002 
100 1 |a Reich, Steve,  |d 1936- 
240 1 0 |a Instrumental music.  |k Selections 
245 1 0 |a City life :  |b New York counterpoint ; Eight lines : (octet) ; Violin phase /  |c Steve Reich. 
264 1 |a [Place of publication not identified] :  |b BMG Classics,  |c [2002] 
264 4 |c ℗2002 
300 |a 1 sound disc :  |b digital, stereo. ;  |c 4 3/4 in. 
306 |a 002313  |a 001042  |a 001613  |a 001521 
336 |a performed music  |b prm  |2 rdacontent 
337 |a audio  |b s  |2 rdamedia 
338 |a audio disc  |b sd  |2 rdacarrier 
500 |a The 1st work for 2 flutes, 2 oboes, 2 clarinets, 2 pianos, 2 samplers, percussion (3 players), string quartet, and double bass; the 2nd for clarinet with tape of 10 overdubbed clarinets; the 3rd for 2 flutes, 2 clarinets/bass clarinets, 2 pianos, and double string quartet; the 4th for violin with tape of 3 overdubbed violins. 
511 0 |a Roland Diry, clarinet (2nd work) ; Jagdish Mistry, violin (4th) ; Ensemble Modern (1st, 3rd) ; Peter Rundel (1st) or Bradley Lubman (3rd), conductor. 
518 |a Recorded at the Sendesaal des Hessischen Rundfunks, Frankfurt, Ger., June 28-29, 1997 (3rd work), Jan. 14-15, 1998 (1st), Apr. 2002 (2nd), and May 2002 (4th) 
500 |a Compact disc. 
500 |a Durations: 23:13; 10:42; 16:13; 15:21. 
500 |a Sound recording. 
650 0 |a Instrumental ensembles. 
650 0 |a Clarinet and electronic music. 
650 0 |a Electronic and violin music. 
700 1 |a Diry, Roland,  |e instrumentalist. 
700 1 |a Mistry, Jagdish,  |e instrumentalist. 
700 1 |a Rundel, Peter,  |e conductor. 
700 1 |a Lubman, Brad,  |e conductor. 
700 1 2 |a Reich, Steve,  |d 1936-  |t City life. 
700 1 2 |a Reich, Steve,  |d 1936-  |t New York counterpoint. 
700 1 |a Reich, Steve,  |d 1936-  |t Eight lines. 
700 1 2 |a Reich, Steve,  |d 1936-  |t Violin phase. 
710 2 |a Ensemble Modern,  |e performer. 
740 0 2 |a New York counterpoint. 
740 0 2 |a Eight lines. 
740 0 2 |a Lines. 
740 0 2 |a Violin phase. 
994 |a E0  |b TXA 
948 |a cataloged  |b h  |c 2004/3/22  |d c  |e bhartsfi  |f 11:44:06 am 
999 |a MARS 
999 f f |s 4b2cf41b-eecf-36b2-af57-f1e4354a343d  |i 3036a573-aec5-36fd-b891-2f21a6e7ff57  |t 0 
952 f f |p ric  |a Texas A&M University  |b Rellis Campus  |c Joint Library Facility  |d Remote Storage  |t 0  |e M3.1.R45 C58 2002  |h Library of Congress classification  |i audio -- audio disc  |m A14830712820 
998 f f |a M3.1.R45 C58 2002  |t 0  |l Remote Storage